Statistics for Geography of Arizona

Click here to take the quiz!

General Stats

  • This quiz has been taken 35 times
  • The average score is 13 of 20

Answer Stats

QuestionAnswer% Correct
What desert, starting with the letter M, spans between California, Nevada and Arizona?Mojave Desert
97%
What river flows through that landmark?Colorado River
94%
What major river dam is built on that river, between Arizona and Nevada?Hoover Dam
94%
What is the most famous landmark of Arizona?Grand Canyon
91%
What is the second biggest city in Arizona?Tucson
85%
What tribe has the largest reservation in the U.S. - bigger than 10 states?Navajo
85%
At what point do New Mexico, Arizona, Colorado, and Utah all meet?Four Corners
79%
What blue-green rock is the state gemstone of Arizona?Turquoise
64%
What is the biggest city in Northern Arizona?Flagstaff
61%
What bridge was brought from England to Lake Havasu City, Arizona?London Bridge
61%
What national park is famous for its fossilized trees?{Petrified} Forest
61%
What is the most populous suburb of Phoenix metropolitan area?Mesa
55%
In what town did Wyatt Earp have a shootout?Tombstone
55%
What desert covers the southwestern parts of Arizona?Sonoran Desert
48%
What reservoir is created by that dam?Lake {Mead}
48%
What Arizona town is located at the southernmost border across California?Yuma
48%
What buttes region, on the Utah border, has been featured in many movie Westerns?{Monument} Valley
48%
What national park, in Southern Arizona, is named after a type of cactus species?Saguaro
45%
What resort town is famous for "vortexes" of spiritual energy?Sedona
36%
What city in northeastern Arizona is considered the capital of that tribe?{Window} Rock
15%

Score Distribution

Percentile by Number Answered

Percent of People with Each Score

Your Score History

You have not taken this quiz